LEADER 01120nam--2200373---450 001 990002413170203316 005 20170831110811.0 010 $a2-600-00470-X 035 $a000241317 035 $aUSA01000241317 035 $a(ALEPH)000241317USA01 035 $a000241317 100 $a20050418-2001----m||y0itay0103----ba 101 0 $afre 102 $aCH 105 $aa|||z|||001yy 200 1 $aÉtudes de philologie romane$fJacques Monfrin 210 $aGenève$cLibraire Droz$d2001 215 $aXI, 1035 p., [1] ritr.$cill.$d22 cm 225 2 $aPublications romanes et françaises$v230. 410 $aPublications romanes et françaises 600 1$aFilologia romanza 676 $a440 700 1$aMONFRIN,$bJacques$0168855 801 0$aIT$2UNIMARC 912 $a990002413170203316 951 $aIV.2. Coll. 3/ 10$b170341 L.M.$cIV.2. Coll. 3$d00089715 959 $aBK 969 $aUMA 979 $aPAOLA$b90$c20050418$lUSA01$h1339 979 $aPAOLA$b90$c20050418$lUSA01$h1339 979 $aCOPAT6$b90$c20070228$lUSA01$h1125 996 $aEtudes de philologie romane$9488546 997 $aUNISA